Ślaski przeglad statystyczny

Guardado en:
Detalles Bibliográficos
Formato: Seriadas
Lenguaje:polaco
Publicado: Wroclaw Publishing House of the Wroclaw University of Economics and Business
Materias:
Etiquetas: Agregar Etiqueta
Sin Etiquetas, Sea el primero en etiquetar este registro!

MARC

LEADER 00000nas1a2200000$$$4500
001 0013655
005 20251211093249.7
022 |a 1644-6739 
022 |a 2449-9765 
041 0 |a pol 
044 |a PL 
245 1 0 |a Ślaski przeglad statystyczny 
264 1 |a Wroclaw  |b Publishing House of the Wroclaw University of Economics and Business 
610 2 0 |a štatistika 
610 2 0 |a štatistika regionálna 
610 2 0 |a Poľsko